000 00303nam a22001337a 4500
020 _a1855737221
082 _a664 WOO/AN
100 _aWood, Roger
100 _aFoster, Lucy
245 _aAnalytical methods for food additives
260 _aBoca Raton
_bCRC Press
_c2004
300 _a258
942 _cBK
999 _c13875
_d13875